000 01554nam0a2200301 i 4500
001 RU\NLR\BIBL_A\011335643
005 20240921222507.0
010 _a9785905664724
_9500
021 _aRU
_b2017-6121
_9434
035 _a(NLR Aleph) 011335643
090 _a11159752
_c11159752
100 _a20170228d2016 k y0rusy50 ca
101 0 _arus
102 _aRU
105 _ay z 001yy
200 1 _aГосударственные институты во Франции второй половины XIX века
_eмонография
_fЕ. А. Казачанская
_gФедеральное государственное автономное образовательное учреждение высшего образования "Южный федеральный университет"
210 _aРостов-на-Дону
_cБеспамятнов С. В.
_d2016
215 _a149 с.
_d21
320 _aБиблиогр.: с. 142-149 (105 назв.) и в подстроч. примеч.
606 1 _aОрганы государственной власти
_xИстория
_yФранция
_z19 в.
_92319041
_3RU\NLR\AUTH\6601612502
606 1 _aОрганы государственного управления
_xИстория
_yФранция
_z19 в.
_92319039
_3RU\NLR\AUTH\6601612501
686 1 _aХ809(4Фр)6
686 1 _aХ819(4Фр)011
700 1 _aКазачанская
_bЕ. А.
_gЕлена Александровна
942 _cBOOK
980 _aNBR